Building Materials In Developing Countries (Record no. 14301)

000 -LEADER
fixed length control field 00292nam a2200121Ia 4500
008 - FIXED-LENGTH DATA ELEMENTS--GENERAL INFORMATION
fixed length control field 260210s9999 xx 000 0 und d
020 ## - INTERNATIONAL STANDARD BOOK NUMBER
International Standard Book Number 9780471102359
082 ## - DEWEY DECIMAL CLASSIFICATION NUMBER
Classification number 691.09172
100 ## - MAIN ENTRY--PERSONAL NAME
Personal name Spence
245 #0 - TITLE STATEMENT
Title Building Materials In Developing Countries
260 ## - PUBLICATION, DISTRIBUTION, ETC. (IMPRINT)
Name of publisher, distributor, etc Wiley
942 ## - ADDED ENTRY ELEMENTS (KOHA)
Item type UG Books
Source of classification or shelving scheme
Holdings
Withdrawn status Lost status Source of classification or shelving scheme Damaged status Koha normalized classification for sorting Not for loan Permanent location Current location Shelving location Date acquired Full call number Barcode Date last seen Price effective from Koha item type
        691_091720000000000   BMS College of Architecture, Design and Planning BMS College of Architecture, Design and Planning General Stacks 2025-12-17 691.09172 AR-UG5218 2026-02-10 2026-02-10 UG Books
Copyright © 2025, The Librarian, Library and Information Centre, BMSCA D&P, Bengaluru. All Rights Reserved
web counter

Powered by Koha